Syke hahmot kuvavisa - Statistics

Yleistilastot
  • Tätä visaa on pelattu 114 kertaa
    111 viimeisimmän päivityksen jälkeen
  • Keskiarvotulos 17 / 41
Vastaustilastot
Kuvavisa Vastaus % Oikein
Ilmari Nortamo
79%
Max Hansson
72%
Ada Alanko
67%
Petteri Holopainen
65%
Johanna Alanko
64%
Marleena Nortamo
64%
Lenita Pakkala
63%
Rebecca Pakkala
63%
Jesper Adlercreutz
57%
Marjut Blom
57%
Iiris Ketola
55%
Uffe
55%
Lauri Kivi
53%
Jari Valkjärvi
52%
Zahra Danquah
51%
Meeri Nortamo
48%
Mila
48%
Toni Alanko
48%
Elina Hurskainen
45%
Aleksi Rantavuo
43%
Nikke Uotila
43%
Sonja Salmi
43%
Santeri Valkjärvi
41%
Santtu
40%
Eetu Ketola
37%
Jannica Ronkainen
37%
Artturi Laine
36%
Leevi Koskinen
36%
Aino Tammilehto
33%
Olavi Kaskela
33%
Johan Hansson
32%
Ella Vaahtera
31%
Minako Peri
29%
Olga Godova
25%
Jarkko Vento
20%
Vilma Davis
15%
Jarmo Tainio
12%
Matti Jalla
12%
Heidi Huttunen
8%
Noora Penttilä
8%
Raija Lehtelä
4%
Ehtoja vastaavia visoja ei löytynyt
Tulosjakauma
Jokaisen tuloksen saaneiden osuus
Persentiili vastausten määrän mukaan
Tuloshistoriasi
Et ole pelannut tätä visaa sen viimeisimmän päivityksen jälkeen